000 00429nam a2200205Ia 4500
001 001582
003 YMCAF
005 20230512160107.0
008 100717s1971 ||||||||||||||||| ||und|d
024 _a1582
035 _a1563
040 _aYMCAF
_beng
_cIN-KoLT
041 _aeng
082 _aREV-KAP
100 _aKAPUR M.N.
245 0 _aREVISION COURSE IN PHYSICS
260 _c1971
300 _a400
942 _2ddc
_cBK
999 _c1279
_d1279